000 01953cam a22004814a 4500
001 15757523
003 OSt
005 20150408114146.0
008 090528s2009 nyua bf 001 0 eng
010 _a 2009022105
016 7 _a101506258
_2DNLM
020 _a9780071498401 (set : alk. paper)
020 _a0071498400 (set : alk. paper)
020 _a9780071498388 (v. 1 : alk. paper)
020 _a0071498389 (v. 1 : alk. paper)
020 _a9780071498395 (v. 2)
020 _a0071498397 (v. 2)
035 _a(OCoLC)ocn370605119
040 _aDNLM/DLC
_cDLC
_dBTCTA
_dBAKER
_dYDXCP
_dNLM
_dC#P
_dBWX
_dCDX
_dOCLCQ
_dDLC
042 _apcc
050 0 0 _aR856.15
_b.S73 2009
082 0 0 _a610.28
_222
_bBIE
245 0 0 _aBiomedical engineering and design handbook /
_cMyer Kutz, editor.
250 _a2nd ed.
260 _aNew York :
_bMcGraw-Hill,
_cc2009.
300 _a2 v. :
_bill. ;
_c25 cm.
500 _aRev. ed. of: Standard handbook of biomedical engineering and design. c2003.
504 _aIncludes bibliographical references and index.
505 0 _av. 1. Fundamentals -- v. 2. Applications.
650 0 _aBiomedical engineering
_vHandbooks, manuals, etc.
_938662
650 0 _aMedical instruments and apparatus
_xDesign and construction
_vHandbooks, manuals, etc.
_938663
650 1 2 _aBiomedical Engineering.
650 2 2 _aBiocompatible Materials.
_95007
650 2 2 _aBiomechanics.
650 2 2 _aBiomedical Technology.
650 2 2 _aEquipment Design.
_938592
700 1 _aKutz, Myer.
_938664
730 0 _aStandard handbook of biomedical engineering and design.
_938665
856 4 1 _3Table of contents only
_uhttp://www.loc.gov/catdir/toc/fy1002/2009022105.html
906 _a7
_bcbc
_corignew
_d1
_eecip
_f20
_gy-gencatlg
942 _2ddc
_cBOOK
999 _c31605
_d266105